El ABC fiscal de los sueldos y salarios

Detalles Bibliográficos
Autor principal: Martn̕ez Gutiřrez, Javier
Formato: eBook
Lenguaje:español
Publicado: Ciudad de Mx̌ico: Ediciones Fiscales ISEF, 2000
Materias:
Acceso en línea:Acceso restringido

MARC

LEADER 00000nam a22000007a 4500
005 20200603144859.0
007 cr|||| ||||
008 200603s2000 mx |||||s|||| 00||0 spa d
020 |a 978-607-541-211-5 
035 |a 31621 
040 |a vLex 
090 |c 10510  |d 10510 
100 1 |a Martn̕ez Gutiřrez, Javier 
245 1 2 |a El ABC fiscal de los sueldos y salarios  |h [Recurso electrn̤ico] /  |c Javier Martn̕ez Gutiřrez 
256 |a Servicio en ln̕ea 
260 |a Ciudad de Mx̌ico:  |b Ediciones Fiscales ISEF,  |c 2000 
300 |a 1 recurso electrn̤ico 
506 1 |a Disponible solo en los productos indicados  |d vLex Global  |d vLex Global (Academic Edition, excluding Law Schools)  |d vLex Global (U.S. Academic Edition, Law Schools)  |d vLex Global (U.S. Academic Edition, excluding Law Schools)  |d vLex Global (Academic Edition, Law Schools) 
650 0 4 |a Derecho Tributario  |z Mx̌ico 
740 0 |a vLex Libros (Servicio en ln̕ea) 
856 4 0 |u http://vlex.com/source/abc-fiscal-sueldos-salarios-31621  |z Acceso restringido 
942 |c BOOK 
999 0 |a Tax Law